| 000 | 00768nam a2200241Ia 4500 | ||
|---|---|---|---|
| 003 | GCL | ||
| 008 | 140319s9999 xx 000 0 ara d | ||
| 040 |
_aGCL / _cGCL |
||
| 082 | 0 | 4 |
_a330.9567 _bع د |
| 100 | 1 | _aعصام الخفاجى | |
| 245 | 1 | 0 |
_aالدولة والتطور الراسمالى فى العراق 1978-1968 / _cعصام الخفاجى |
| 260 |
_a[S.N] : _bدار المستقبل العربى ، _c1983 |
||
| 300 | _a196 ص | ||
| 490 | _a | ||
| 650 | 0 | 4 | _aالعصر الحديث |
| 650 | 0 | 4 | _aتاريخ |
| 650 | 0 | 4 | _aالعراق |
| 650 | 0 | 4 | _aالاحوال الاقتصادية |
| 650 | 0 | 4 | _aالتنمية الاقتصادية |
| 650 | 0 | 4 | _aالدخل القومى |
| 650 | 0 | 4 | _aالتنمية الصناعية |
| 942 |
_2ddc _cBK |
||
| 999 |
_c34766 _d34766 |
||